000 00266nam a22001217a 4500
008 170306b xxu||||| |||| 00| 0 eng d
041 _aeng
080 _a611
100 _a6
101 _ashm
245 _aANATOMY PHYSIOLOGY DUMMIES
_cSIEGFRIED.D.R
942 _2udc
_cBK
999 _c6854
_d6854